Моделирование функционирования токовой направленной защиты в программном комплексе "Matlab Simulink"; Интеллектуальные энергосистемы; Т. 3

Bibliografiske detaljer
Parent link:Интеллектуальные энергосистемы: труды III Международного молодёжного форума, 28 сентября - 2 октября 2015 г., г. Томск/ Национальный исследовательский Томский политехнический университет (ТПУ).— , 2015
Т. 3.— 2015.— [С. 78-81]
Hovedforfatter: Аскаров А. Б.
Institution som forfatter: Национальный исследовательский Томский политехнический университет (ТПУ) Энергетический институт (ЭНИН) Кафедра электроэнергетических систем (ЭЭС)
Andre forfattere: Литвинов С. А. (научный руководитель), Рубан Н. Ю. Николай Юрьевич
Summary:Заглавие с титульного экрана
Sprog:russisk
Udgivet: 2015
Serier:Релейная защита, автоматика, электрооборудование электроэнергетических систем
Fag:
Online adgang:http://earchive.tpu.ru/handle/11683/16177
http://www.lib.tpu.ru/fulltext/c/2015/C43/V3/022.pdf
Format: MixedMaterials Electronisk Book Chapter
KOHA link:https://koha.lib.tpu.ru/cgi-bin/koha/opac-detail.pl?biblionumber=615948

MARC

LEADER 00000naa2a2200000 4500
001 615948
005 20231101132902.0
035 |a (RuTPU)RU\TPU\conf\14181 
035 |a RU\TPU\conf\14175 
090 |a 615948 
100 |a 20151127d2015 k y0rusy50 ca 
101 0 |a rus 
102 |a RU 
105 |a y z 101zy 
135 |a drgn ---uucaa 
181 0 |a i  
182 0 |a b 
200 1 |a Моделирование функционирования токовой направленной защиты в программном комплексе "Matlab Simulink"  |f А. Б. Аскаров, С. А. Литвинов  |g науч. рук. Н. Ю. Рубан 
203 |a Текст  |c электронный 
225 1 |a Релейная защита, автоматика, электрооборудование электроэнергетических систем 
230 |a 1 компьютерный файл (pdf; 431 Kb) 
300 |a Заглавие с титульного экрана 
320 |a [Библиогр.: с. 81 (4 назв.)] 
337 |a Adobe Reader 
461 1 |0 (RuTPU)RU\TPU\conf\13656  |t Интеллектуальные энергосистемы  |o труды III Международного молодёжного форума, 28 сентября - 2 октября 2015 г., г. Томск  |o в 3 т.  |f Национальный исследовательский Томский политехнический университет (ТПУ)  |d 2015 
463 1 |0 (RuTPU)RU\TPU\conf\13661  |t Т. 3  |v [С. 78-81]  |d 2015 
610 1 |a труды учёных ТПУ 
610 1 |a электронный ресурс 
610 1 |a моделирование 
610 1 |a функционирование 
610 1 |a токовая направленная защита 
610 1 |a программные комплексы 
610 1 |a MatLab/Simulink 
700 1 |a Аскаров  |b А. Б. 
701 1 |a Литвинов  |b С. А. 
702 1 |a Рубан  |b Н. Ю.  |c специалист в области электроэнергетики  |c инженер-проектировщик Томского политехнического университета  |f 1988-  |g Николай Юрьевич  |2 stltpush  |4 727 
712 0 2 |a Национальный исследовательский Томский политехнический университет (ТПУ)  |b Энергетический институт (ЭНИН)  |b Кафедра электроэнергетических систем (ЭЭС)  |h 6980  |2 stltpush  |3 (RuTPU)RU\TPU\col\18675 
801 2 |a RU  |b 63413507  |c 20210210  |g RCR 
856 4 |u http://earchive.tpu.ru/handle/11683/16177 
856 4 |u http://www.lib.tpu.ru/fulltext/c/2015/C43/V3/022.pdf 
942 |c BK